000 00740nam a2200241Ia 4500
003 OSt
005 20220923213430.0
006 a|||||r|||| 00| 0
007 ta
008 220922b |||||||| |||| 00| 0 hin d
024 _a162,031
037 _cTextual
040 _aARTS
_cARTS
_bhin
041 _2hin
_ahin
082 _aO152,2N03,MK, K7
100 _aमिश्र, लक्ष्मीनारायण
245 0 _aमुक्ति का रहस्य
246 _aMukti kā rahasya
260 _c1967
650 _aहिन्दी साहित्य
_9156264
942 _hO152,2N03,MK, K7
_cTEXL
_2CC
999 _c316534
_d316534